000 00334nam a22001457a 4500
020 _a1405811587
082 _a346.06kee
100 _akeenan,Denis J.
245 _aSmith and keenan,s company law
250 _a13 ed.
260 _alondon
_bPearson longman
_c2005
300 _axxxii,584p
_bill;23cm
500 _aindex
942 _cBK
999 _c20420
_d20420